| 000 | 00436nam a2200157Ia 4500 | ||
|---|---|---|---|
| 008 | 120928t1986 xxu||||| |||| 00| 0 sin d | ||
| 041 | _asin | ||
| 080 |
_a8 S (3 - 053. 2) (28) (Youth) _bKAV |
||
| 245 | _aවිහාරමහා දේවි | ||
| 246 | _aViharamaha Dewi | ||
| 260 |
_aColomba Poth Sangamaya _aColombo _c1986 |
||
| 300 | _b31p, ill, 17 cm | ||
| 942 | _cBK | ||
| 999 |
_c42855 _d42855 |
||
| 003 | LK-CoDNM | ||
| 040 |
_aLK-CoDNM _dLK-CoDNM _eLK-CoDNM |
||